Statistics for Countries Starting With B (with continent prompts)

Click here to take the quiz!

General Stats

  • This quiz has been taken 1,701 times
  • The average score is 14 of 17

Answer Stats

Answer% Correct
Belgium
92%
Bolivia
90%
Bahamas
87%
Botswana
86%
Brazil
86%
Bulgaria
85%
Belarus
83%
Belize
83%
Bosnia and
Herzegovina
83%
Barbados
82%
Bhutan
82%
Bangladesh
80%
Benin
78%
Brunei
77%
Burundi
77%
Bahrain
76%
Burkina Faso
69%

Score Distribution

Percentile by Number Answered

Percent of People with Each Score

Your Score History

You have not taken this quiz